হিন্দু-মুসলমান সর্ম্পক : (Record no. 194692)
[ view plain ]
| 000 -LEADER | |
|---|---|
| fixed length control field | 00697nam a22001697a 4500 |
| 003 - CONTROL NUMBER IDENTIFIER | |
| control field | BD-DhUL |
| 005 - DATE AND TIME OF LATEST TRANSACTION | |
| control field | 20170508185212.0 |
| 008 - FIXED-LENGTH DATA ELEMENTS--GENERAL INFORMATION | |
| fixed length control field | 170508b1989 ii ||||| |||| 00| 0 ben d |
| 040 ## - CATALOGING SOURCE | |
| Transcribing agency | BD-DhUL |
| 082 ## - DEWEY DECIMAL CLASSIFICATION NUMBER | |
| Classification number | 954.035 |
| Item number | HIN |
| 245 ## - TITLE STATEMENT | |
| Title | হিন্দু-মুসলমান সর্ম্পক : |
| Statement of responsibility, etc. | অর্জূন গোস্বামী সম্পাদিত |
| Remainder of title | সপ্নপূরণ ণঅ স্বপ্নভং্গের ইতিহাস / |
| 260 ## - PUBLICATION, DISTRIBUTION, ETC. (IMPRINT) | |
| Place of publication, distribution, etc. | কলকাতা : |
| Name of publisher, distributor, etc. | রক্তকরবী, |
| Date of publication, distribution, etc. | ২০০৪ |
| 300 ## - PHYSICAL DESCRIPTION | |
| Extent | ১৮৪ পৃ. : |
| Dimensions | ২১ সে.মি. |
| 650 ## - SUBJECT ADDED ENTRY--TOPICAL TERM | |
| Topical term or geographic name as entry element | ভারত ইতিহাস |
| 651 ## - SUBJECT ADDED ENTRY--GEOGRAPHIC NAME | |
| Source of heading or term | Indian history |
| 942 ## - ADDED ENTRY ELEMENTS (KOHA) | |
| Source of classification or shelving scheme | |
| Koha item type | Books |
| Price effective from | Date last seen | Permanent Location | Not for loan | Date acquired | Source of classification or shelving scheme | Koha item type | Lost status | Withdrawn status | Copy number | Source of acquisition | Collection code | Damaged status | Shelving location | Barcode | Current Location | Full call number |
|---|---|---|---|---|---|---|---|---|---|---|---|---|---|---|---|---|
| 2017-05-08 | 2017-05-08 | Dhaka University Library | Not For Loan | 2017-05-08 | Books | 1 | gift | Non Fiction | Dr. Aftab Ahmed Collection | 428856 | Dhaka University Library | 954.035 HIN |
